Statistics for Random Knowledge!!!!!

Click here to take the quiz!

General Stats

  • This quiz has been taken 18 times
  • The average score is 4 of 8

Answer Stats

HintAnswer% Correct
What element is Earth's atmosphere mostly comprised of?Nitrogen
94%
As of 2012 what country had the most carbon emissions?China
88%
What is the biggest wild cat?(a ___)Tiger
76%
What is the 3rd longest river in the world? (the _____ river)Yangtze
65%
What is the biggest tectonic plate? (the______ plate)Pacific
41%
What year did the Viking 1 become the first spacecraft to touch down on mars?1976
35%
What is the second deepest trench on the seafloor? (the ______ trench)Tonga
12%
Approximately how many species of flies are there in the world known to man? to the nearest 50,000150,000
6%

Score Distribution

Percentile by Number Answered

Percent of People with Each Score

Your Score History

You have not taken this quiz